The wealth of nations: an analysis with speical to under-developed countries (Record no. 362300)

000 -LEADER
fixed length control field 00468cam a22001337a 4500
008 - FIXED-LENGTH DATA ELEMENTS--GENERAL INFORMATION
fixed length control field 180718b1967 xxu||||| |||| 00| 0 eng d
082 ## - DEWEY DECIMAL CLASSIFICATION NUMBER
Classification number T1 Sm51/C393
100 ## - MAIN ENTRY--PERSONAL NAME
Personal name Chaudhuri, Asoke Kumar
245 ## - TITLE STATEMENT
Title The wealth of nations: an analysis with speical to under-developed countries
Statement of responsibility, etc. by Asoke Kunar Chaudhuri
260 ## - PUBLICATION, DISTRIBUTION, ETC.
Place of publication, distribution, etc. Calcutta
Name of publisher, distributor, etc. World Press
Date of publication, distribution, etc. 1967
300 ## - PHYSICAL DESCRIPTION
Extent 165p.
650 ## - SUBJECT ADDED ENTRY--TOPICAL TERM
Topical term or geographic name entry element Steel industry and trade - India
650 ## - SUBJECT ADDED ENTRY--TOPICAL TERM
Topical term or geographic name entry element Economics - Criticism and Interpretation
Holdings
Withdrawn status Lost status Damaged status Not for loan Permanent Location Current Location Date acquired Full call number Barcode Date last seen Price effective from Koha item type
        Indian Institute of Public Administration Indian Institute of Public Administration 1994-03-22 T1 Sm51/C393 41229 2018-07-21 2018-07-21 Book

Powered by Koha